Midnight lace

Bibliographic Details
Main Author: KARY, Elizabeth
Format: Book
Published: New York : Severn House Publishers , 1991

MARC

LEADER 00000cam a2200000 7i4500
001 0000000656
002 000000751
005 20000330.0
020 |a 0727841912 
090 0 0 |a F   |b KAR 
100 1 |a KARY, Elizabeth 
245 1 0 |a Midnight lace   |c Elizabeth Kary 
260 |a New York :   |b Severn House Publishers ,   |c 1991 
300 |a 391 p. ;   |c 22 cm. 
999 |a 030481   |b BUKU   |c FICTION   |e PERPUSTAKAAN KOMUNITI PETALING JAYA